"Irgendwo ist Tag!": Exposure- und Dialogprogramm - August 2001 ; "40 Jahre Adveniat: Glaube im Leben von Gemeinden in Guatemala und Honduras" ; Eindrücke und Lernerfahrungen im Quiché/Guatemala
| Main Author: | |
|---|---|
| Format: | Print Article |
| Language: | German |
| Check availability: | HBZ Gateway |
| Interlibrary Loan: | Interlibrary Loan for the Fachinformationsdienste (Specialized Information Services in Germany) |
| Published: |
2002
|
| In: |
Ökumenische Rundschau
Year: 2002, Volume: 51, Issue: 4, Pages: 475-482 |
| Standardized Subjects / Keyword chains: | B
Civil War
/ Reconciliation
/ Coming to terms with the past
|
| RelBib Classification: | NCC Social ethics TK Recent history |
| Parallel Edition: | Electronic
|
| Sammlungen: |
MARC
| LEADER | 00000caa a22000002c 4500 | ||
|---|---|---|---|
| 001 | 1643914553 | ||
| 003 | DE-627 | ||
| 005 | 20250512154351.0 | ||
| 007 | tu | ||
| 008 | 160405s2002 xx ||||| 00| ||ger c | ||
| 035 | |a (DE-627)1643914553 | ||
| 035 | |a (DE-576)465831141 | ||
| 035 | |a (DE-599)BSZ465831141 | ||
| 040 | |a DE-627 |b ger |c DE-627 |e rakwb | ||
| 041 | |a ger | ||
| 084 | |a 1 |2 ssgn | ||
| 100 | 1 | |0 (DE-588)132403692 |0 (DE-627)522675018 |0 (DE-576)161267920 |4 aut |a Hagedorn, Klaus |d 1954- | |
| 109 | |a Hagedorn, Klaus 1954- | ||
| 245 | 1 | 0 | |a "Irgendwo ist Tag!" |b Exposure- und Dialogprogramm - August 2001 ; "40 Jahre Adveniat: Glaube im Leben von Gemeinden in Guatemala und Honduras" ; Eindrücke und Lernerfahrungen im Quiché/Guatemala |
| 264 | 1 | |c 2002 | |
| 336 | |a Text |b txt |2 rdacontent | ||
| 337 | |a ohne Hilfsmittel zu benutzen |b n |2 rdamedia | ||
| 338 | |a Band |b nc |2 rdacarrier | ||
| 601 | |a Gemeinde | ||
| 601 | |a Guatemala | ||
| 601 | |a Honduras | ||
| 601 | |a Eindruck | ||
| 601 | |a Lernerfahrung | ||
| 601 | |a Quiché | ||
| 652 | |a NCC:TK | ||
| 689 | 0 | 0 | |d s |0 (DE-588)4382424-9 |0 (DE-627)186999038 |0 (DE-576)211851655 |2 gnd |a Guatemaltekischer Bürgerkrieg |
| 689 | 0 | 1 | |d s |0 (DE-588)4063213-1 |0 (DE-627)104552387 |0 (DE-576)209147822 |2 gnd |a Versöhnung |
| 689 | 0 | 2 | |d s |0 (DE-588)4061672-1 |0 (DE-627)104106611 |0 (DE-576)209140771 |2 gnd |a Vergangenheitsbewältigung |
| 689 | 0 | |5 (DE-627) | |
| 773 | 0 | 8 | |i In |t Ökumenische Rundschau |d Leipzig : Evang. Verl.-Anst., 1952 |g 51(2002), 4, Seite 475-482 |w (DE-627)129489581 |w (DE-600)205913-7 |w (DE-576)014883244 |x 0029-8654 |7 nnas |
| 773 | 1 | 8 | |g volume:51 |g year:2002 |g number:4 |g pages:475-482 |
| 776 | 0 | 8 | |i Reproduziert als |a Hagedorn, Klaus, 1954 - |t "Irgendwo ist Tag!" |d 2002 |w (DE-627)1925376087 |k Electronic |
| 935 | |a mteo |a FRST |a DTH5 | ||
| 951 | |a AR | ||
| ELC | |b 1 | ||
| ITA | |a 1 |t 1 | ||
| LOK | |0 000 xxxxxcx a22 zn 4500 | ||
| LOK | |0 001 3309781674 | ||
| LOK | |0 003 DE-627 | ||
| LOK | |0 004 1643914553 | ||
| LOK | |0 005 20240912085136 | ||
| LOK | |0 008 160404||||||||||||||||ger||||||| | ||
| LOK | |0 040 |a DE-Tue135 |c DE-627 |d DE-Tue135 | ||
| LOK | |0 092 |o n | ||
| LOK | |0 852 |a DE-Tue135 | ||
| LOK | |0 852 1 |9 00 | ||
| LOK | |0 866 |x SPQUE#Bibliothek der Franckeschen Stiftungen | ||
| LOK | |0 935 |a ixzs |a ixmi |a FRST | ||
| LOK | |0 936ln |0 1442053887 |a TK | ||
| LOK | |0 936ln |0 144205283X |a NCC | ||
| LOK | |0 939 |a 04-04-16 |b l01 | ||
| ORI | |a SA-MARC-ixtheoa001.raw | ||
| REL | |a 1 | ||
| STA | 0 | 0 | |a Civil War,Coming to terms with the past,Coming to terms with the past,Past,Reconciliation,Reconciliation,Atonement,Placation |
| STB | 0 | 0 | |a Fait d’assumer son passé,Fait d’assumer son passé,Acceptation du passé,Acceptation du passé,Acceptation du passé (motif),Acceptation du passé,Guerre civile au Guatemala,Réconciliation,Réconciliation |
| STC | 0 | 0 | |a Elaboración del pasado,Elaboración del pasado,Guerra civil en Guatemala,Reconciliación,Reconciliación |
| STD | 0 | 0 | |a Elaborazione del passato <motivo>,Elaborazione del passato,Vergangenheitsbewältigung,Superamento del passato,Vergangenheitsbewältigung,Superamento del passato,Vergangenheitsbewältigung (motivo),Superamento del passato (motivo),Vergangenheitsbewältigung,Superamento del passato,Guerra civile in Guatemala,Riconciliazione,Riconciliazione |
| STE | 0 | 0 | |a 危地马拉内战,危地马拉内战,和解,和解,和好,复和,和好,复和,面对过去,面对过去,克服过去,克服过去 |
| STF | 0 | 0 | |a 危地馬拉內戰,瓜地馬拉內戰,和解,和解,和好,復和,和好,復和,面對過去,面對過去,克服過去,克服過去 |
| STG | 0 | 0 | |a Elaboração do passado,Elaboração do passado,Guerra civil em Guatemala,Reconciliação,Reconciliação |
| STH | 0 | 0 | |a Гражданская война в Гватемале,Преодоление прошлого (мотив),Преодоление прошлого,Примирение (мотив),Примирение |
| STI | 0 | 0 | |a Εμφύλιος πόλεμος στην Γουατεμάλα,Συμφιλίωση (μοτίβο),Συμφιλίωση,Συμφιλίωση με το παρελθόν <μοτίβο>,Συμφιλίωση με το παρελθόν,Επεξεργασία του παρελθόντος,Επεξεργασία του παρελθόντος (μοτίβο) |
| SUB | |a REL | ||
| SYG | 0 | 0 | |a Bürgerkrieg in Guatemala , reconciliation,Aussöhnung , Unbewältigte Vergangenheit,"Unbewältigte" Vergangenheit,Vergangenheit,Vergangenheitsaufarbeitung,Aufarbeitung |
| TIM | |a 100019600101_100019961231 |b Guatemaltekischer Bürgerkrieg 1960-1996 | ||



